000 00865nam a22001337a 4500
040 _cRUA
082 _aVEM SIE 2014 B434 Or.1
100 _aSIEN BUNTHORN; សៀង ប៊ុនថន
245 _aStudy on reprodctive inflamatory disease and effect of drugs at golden pig farm teuk phos district, kampong chhnang province; ការសិក្សាអំពីជំងឺរលាកផ្លូវបន្តពូជមេជ្រូកក្រោយសម្រាល និងប្រសិទ្ធភាពឱសថនៅកសិដ្ឋានជ្រូកមាស ក្នុងស្រុកទឹកផុស ខេត្តកំពង់ឆ្នាំង
260 _aPhnom Penh
_bRUA
_c2014
300 _ax;37p.
_bill.
_c29cm.
856 _uhttps://drive.google.com/file/d/1umIdsFQyRvhaT_VmS3nOOD2IvQRMO6G2/view?usp=sharing
942 _cVEM
999 _c7090
_d7090